Špecifiká kreatívneho priemyslu v USA
Analýza súčasného stavu kreatívneho priemyslu v USA a krátke porovnanie s kreatívnymi odvetviami v Európskej únii. Teoretické koncepty kreatívneho priemyslu v USA, definícia jednotlivých kreatívnych odvetví ako aj základné makroekonomické údaje. Kritické zhodnotenie problému masovej kultúry a konzum...
Guardado en:
| Autor principal: | |
|---|---|
| Formato: | Capítulo de libro |
| Lenguaje: | eslovaco |
| Materias: | |
| Etiquetas: |
Sin Etiquetas, Sea el primero en etiquetar este registro!
|
MARC
| LEADER | 00000nla a2200000 4500 | ||
|---|---|---|---|
| 001 | 0222879 | ||
| 005 | 20240502073639.9 | ||
| 041 | 0 | |a slo | |
| 044 | |a SK | ||
| 245 | 1 | 0 | |a Špecifiká kreatívneho priemyslu v USA |c Kristína Baculáková |
| 520 | |a Analýza súčasného stavu kreatívneho priemyslu v USA a krátke porovnanie s kreatívnymi odvetviami v Európskej únii. Teoretické koncepty kreatívneho priemyslu v USA, definícia jednotlivých kreatívnych odvetví ako aj základné makroekonomické údaje. Kritické zhodnotenie problému masovej kultúry a konzumu. | ||
| 610 | 2 | 0 | |a priemysel kreatívny |
| 610 | 2 | 0 | |a USA |
| 610 | 2 | 0 | |a odvetvia priemyselné |
| 610 | 2 | 0 | |a ukazovatele ekonomické |
| 610 | 2 | 0 | |a ekonomika kreatívna |
| 610 | 2 | 0 | |a Európska únia |
| 100 | 1 | |a Baculáková, Kristína, 1988- | |